Positioning women in malaysia/ (Record no. 9234)
[ view plain ]
| 000 -LEADER | |
|---|---|
| fixed length control field | 00541nam a22001817a 4500 |
| 003 - CONTROL NUMBER IDENTIFIER | |
| control field | OSt |
| 005 - DATE AND TIME OF LATEST TRANSACTION | |
| control field | 20240717124924.0 |
| 008 - FIXED-LENGTH DATA ELEMENTS--GENERAL INFORMATION | |
| fixed length control field | 240717b |||||||| |||| 00| 0 eng d |
| 020 ## - INTERNATIONAL STANDARD BOOK NUMBER | |
| International Standard Book Number | 9780333719220 |
| 040 ## - CATALOGING SOURCE | |
| Transcribing agency | MUST |
| 082 ## - DEWEY DECIMAL CLASSIFICATION NUMBER | |
| Classification number | 331.4 POS 1999 |
| 100 ## - MAIN ENTRY--PERSONAL NAME | |
| Personal name | Ng cecilia |
| 9 (RLIN) | 18846 |
| 245 ## - TITLE STATEMENT | |
| Title | Positioning women in malaysia/ |
| Remainder of title | Class and Gender in an Industrializing State |
| Statement of responsibility, etc. | cecilia Ng |
| 260 ## - PUBLICATION, DISTRIBUTION, ETC. (IMPRINT) | |
| Place of publication, distribution, etc. | great Britain |
| Name of publisher, distributor, etc. | Antony Rowe LTD |
| 300 ## - PHYSICAL DESCRIPTION | |
| Extent | XIX,222P; |
| Other physical details | ill.; |
| Dimensions | 21cm. |
| 504 ## - BIBLIOGRAPHY, ETC. NOTE | |
| Bibliography, etc | Bibliographies and indexes included |
| 942 ## - ADDED ENTRY ELEMENTS (KOHA) | |
| Source of classification or shelving scheme | Dewey Decimal Classification |
| Koha item type | Open Shelf |
| Withdrawn status | Lost status | Source of classification or shelving scheme | Damaged status | Not for loan | Home library | Current library | Date acquired | Source of acquisition | Inventory number | Total Checkouts | Full call number | Barcode | Date last seen | Price effective from | Koha item type |
|---|---|---|---|---|---|---|---|---|---|---|---|---|---|---|---|
| Dewey Decimal Classification | MUST Main Library | MUST Main Library | 17/07/2024 | Purchase | 03/20052 | 331.4 POS 1999 | 2024-22026 | 17/07/2024 | 17/07/2024 | Open Shelf |
